| 000 | 01790cam a22004454i 4500 | ||
|---|---|---|---|
| 003 | PE-LiUPU | ||
| 005 | 20250731172722.0 | ||
| 008 | 150617s r 000 0 d | ||
| 035 | _a(Sirsi) a11113 | ||
| 040 |
_aPE-LiUPU _bspa _cPE-LiUPU _erda |
||
| 049 | _aPRUA | ||
| 082 | 0 | 4 |
_a232.901 _bV54 _221 |
| 100 | 1 |
_aVerschaeve, Cyriel, _eautor. |
|
| 245 | 1 | 0 |
_aJesús el Hijo del Hombre / _cCyriel Verschaeve. |
| 264 | 1 |
_aBarcelona : _bHerder, _c1959. |
|
| 300 |
_a559 páginas ; _c23 cm. |
||
| 336 |
_atext _2rdacontent |
||
| 337 |
_aunmediated _2rdamedia |
||
| 338 |
_avolume _2rdacarrier |
||
| 505 | 0 | _aEl nacimiento -- La juventud -- EL preludio -- La primera salida -- El discurso del reino -- El medio indirecto de las parábolas -- El camino recto -- El pan de vida -- El cambio -- Hacia Jerusalen -- Disputa en el templo -- En Betania -- Vislumbrando el fin -- El delito de Jesús -- ¡Hosanna! -- Los últimos resplandores -- La despedida -- La noche de la pasión -- El día de la pasión -- Muerte y sepultura -- el día de la resurrección -- El ultimo día. | |
| 526 | _aSEG42 | ||
| 526 | _aSEG41 | ||
| 526 | _aSEG40 | ||
| 526 | _aSEG39 | ||
| 526 | _aP94 | ||
| 526 | _aP87 | ||
| 526 | _aP86 | ||
| 526 | _aP85 | ||
| 526 | _aP77 | ||
| 526 | _aP76 | ||
| 526 | _aP35 | ||
| 600 | 1 | _aJesucristo | |
| 910 |
_ajck _bjvq _cjck _d20150616 |
||
| 942 |
_2ddc _cBOOK |
||
| 949 |
_a232.901 V54 _wDEWEY _c1 _i14077 _lCCODEBUL1 _mBUL _p00.00 _r0 _sY _tBOOK _u19750820 _xTEOLOGIA _PP35 _0COMPRA _o.STAFF. Colección General |
||
| 994 |
_aC0 _bPEPRU |
||
| 596 | _a1 | ||
| 999 |
_a232.901 V54 _wDEWEY _c1230 _i14077 _f2021-11-11 _g5 _lCCODEBUL1 _mBUL _r0 _sY _tBOOK _u2015-6-17 _xTEOLOGIA _PP35 _0COMPRA _o.STAFF. Colección General _d1230 |
||
| 980 |
_81 _gALBERTO SANCHEZ Responsable de Automatización |
||